Informačné zdroje pre výnosovú metódu ohodnocovania akcií

Výnosová metóda ohodnocovania akcií, ktorá je založená na súčasnej hodnote budúcich výnosov, je na vyspelých kapitálových trhoch metódou číslo jedna pre odhad ich vnútornej hodnoty. Výnosová metóda pri ohodnocovaní akcií, v závislosti od konkrétnej formy diskontovaných výnosov, používa niekoľko mod...

Descripción completa

Guardado en:
Detalles Bibliográficos
Autor principal: Hrvoľová, Božena
Otros Autores: Marková, Jana
Formato: Capítulo de libro
Lenguaje:eslovaco
Materias:
Etiquetas: Agregar Etiqueta
Sin Etiquetas, Sea el primero en etiquetar este registro!

MARC

LEADER 00000naa a2200000 4500
001 0157793
005 20240502072743.7
041 0 |a slo 
044 |a SK 
245 1 0 |a Informačné zdroje pre výnosovú metódu ohodnocovania akcií  |c Božena Hrvoľová, Jana Marková 
520 |a Výnosová metóda ohodnocovania akcií, ktorá je založená na súčasnej hodnote budúcich výnosov, je na vyspelých kapitálových trhoch metódou číslo jedna pre odhad ich vnútornej hodnoty. Výnosová metóda pri ohodnocovaní akcií, v závislosti od konkrétnej formy diskontovaných výnosov, používa niekoľko modelov, napríklad modely diskontovaných dividend, model NPVGO (model čistej súčasnej hodnoty rastových príležitostí), modely kapitalizovaných čistých výnosov, modely diskontovaných FCFs, modely diskontovanej hodnoty ekonomického zisku (EVA) atď. Návrh ďalšej formy výnosu – novovytvorená hodnota. Informačné zdroje pre výnosovú metódu. 
610 2 0 |a zdroje informácií 
610 2 0 |a akcie 
610 2 0 |a trh kapitálový 
610 2 0 |a ukazovateľ EVA 
610 2 0 |a hodnota pridaná ekonomická 
610 2 0 |a oceňovanie 
100 1 |a Hrvoľová, Božena 
700 1 |a Marková, Jana